000 00850nas a2200289 4500
001 BR0805402
003 BR-BrBNA
005 20231205112424.0
007 ta
008 230509b bl.|||p| |||| 00| 00por d
040 _aBR-BrBNA
_bpor
_cBiblioteca Nacional de Agricultura
041 _a(En)
072 _aQ04
100 1 _aFernandes, A.M.
100 1 _aBovo, F.
100 1 _aMoretti, T.S.
100 1 _aRosim, R.E.
100 1 _aLima, C.G. de
100 1 _aOliveira, C.A.F. de
245 1 _aCasein fractions of ultra high temperature milk with different somatic cell counts
650 _aLEITE
650 _aQUALIDADE
650 _aPROTEOLISE
773 0 _tPesquisa Agropecuaria Brasileira (Brazil)
_xISSN 0100-204X
_g(Jan 2008), v. 43(1) p. 149-152
_wBR0805402
909 _a202311
_bLúcia
_c55
_dLúcia Elande
942 _2AGRIS
_n0
_cANA
999 _c197988
_d197988